[Event "Wch Blitz (Women)"]
[Site "St Petersburg"]
[Date "2018.12.30"]
[Round "14"]
[White "Gromova, Iulia"]
[Black "Paramzina, Anastasya"]
[Result "1-0"]
[WhiteElo "2241"]
[BlackElo "2229"]
[PlyCount "103"]
[EventDate "2018.12.29"]
[EventType "swiss (blitz)"]
[EventRounds "17"]
[EventCountry "RUS"]
[SourceTitle "CBM 187 Extra"]
[Source "ChessBase"]
[SourceDate "2018.11.04"]
[SourceVersion "1"]
[SourceVersionDate "2018.11.04"]
[SourceQuality "1"]

1. d4 Nf6 2. c4 g6 3. f3 d5 4. cxd5 c6 5. dxc6 Nxc6 6. e3 e5 7. dxe5 Qa5+ 8. Nc3 Nxe5 9. Bd2 Qd8 10. Bb5+ Bd7 11. Qb3 a6 12. Bxd7+ Qxd7 13. Rd1 Bc5 14. Nge2 Nd3+ 15. Kf1 0-0 16. Na4 Rad8 17. Ba5 b6 18. Nxc5 bxc5 19. Bxd8 Rxd8 20. Nc1 c4 21. Qxc4 Nxb2 22. Rxd7 Rxd7 23. Qc8+ Kg7 24. Kf2 Rd2+ 25. Ne2 Nd3+ 26. Kg3 Rxe2 27. Rd1 Nh5+ 28. Kh4 Ne5 29. Qc3 f6 30. Rd2 Re1 31. g4 Nxf3+ 32. Kh3 Nxd2 33. Qxd2 Rg1 34. gxh5 g5 35. Qd7+ Kh6 36. Qf5 Kg7 37. Qf2 Rc1 38. Qd2 Rg1 39. Qf2 Rc1 40. Kg2 Kh6 41. Qxf6+ Kxh5 42. Qf3+ Kh6 43. Qf6+ Kh5 44. Qxa6 Rc2+ 45. Kf3 Rxh2 46. a4 g4+ 47. Kg3 Rh3+ 48. Kg2 Rf3 49. Qb5+ Kh4 50. Qe5 Rf7 51. Qe6 Rf3 52. Qh6# 1-0

[Event "Wch Blitz (Women)"]
[Site "St Petersburg"]
[Date "2018.12.30"]
[Round "13"]
[White "Shafigullina, Zarina"]
[Black "Gromova, Iulia"]
[Result "1-0"]
[WhiteElo "2140"]
[BlackElo "2241"]
[PlyCount "65"]
[EventDate "2018.12.29"]
[EventType "swiss (blitz)"]
[EventRounds "17"]
[EventCountry "RUS"]
[SourceTitle "CBM 187 Extra"]
[Source "ChessBase"]
[SourceDate "2018.11.04"]
[SourceVersion "1"]
[SourceVersionDate "2018.11.04"]
[SourceQuality "1"]

1. d4 Nf6 2. Nf3 g6 3. g3 Bg7 4. Bg2 0-0 5. c4 c6 6. 0-0 d5 7. Ne5 Bf5 8. Nc3 Ne4 9. cxd5 cxd5 10. Qb3 Nxc3 11. bxc3 Be6 12. Qxb7 Nd7 13. Nxd7 Qxd7 14. Qxd7 Bxd7 15. Bxd5 Rab8 16. Ba3 Rfc8 17. Rfc1 e6 18. Bf3 Bb5 19. Bc5 a6 20. c4 Rxc5 21. dxc5 Bxa1 22. cxb5 Bb2 23. Rc2 Rxb5 24. c6 Be5 25. c7 Bxc7 26. Rxc7 Rb2 27. a4 Rb4 28. Bc6 Rc4 29. Rc8+ Kg7 30. Bd7 Rd4 31. Rc7 Kh6 32. e3 Rb4 33. Ra7 1-0

[Event "Wch Blitz (Women)"]
[Site "St Petersburg"]
[Date "2018.12.29"]
[Round "9"]
[White "Khomeriki, Nino"]
[Black "Gromova, Iulia"]
[Result "0-1"]
[WhiteElo "2347"]
[BlackElo "2241"]
[PlyCount "76"]
[EventDate "2018.12.29"]
[EventType "swiss (blitz)"]
[EventRounds "17"]
[EventCountry "RUS"]
[SourceTitle "CBM 187 Extra"]
[Source "ChessBase"]
[SourceDate "2018.11.04"]
[SourceVersion "1"]
[SourceVersionDate "2018.11.04"]
[SourceQuality "1"]

1. d4 Nf6 2. Nf3 g6 3. Nbd2 d5 4. b4 Bg7 5. e3 0-0 6. c4 c6 7. Be2 Nbd7 8. 0-0 Ne4 9. Bb2 Ndf6 10. Qb3 Bg4 11. Rfe1 Nxd2 12. Nxd2 Bxe2 13. Rxe2 Qd7 14. Rc1 a6 15. a4 Rac8 16. Ba3 b5 17. axb5 axb5 18. cxb5 cxb5 19. Rc5 e6 20. f3 Ne8 21. Nb1 Nd6 22. Nc3 Rb8 23. Ra2 Nc4 24. Bc1 Rfd8 25. Ra6 Bf8 26. Rcc6 Qe7 27. Rc5 Qd7 28. Rcc6 Qe7 29. Rc5 Qd7 30. Rcc6 Qe7 31. Na2 Ra8 32. Bb2 Qb7 33. Rxa8 Rxa8 34. Rc5 Bxc5 35. dxc5 Qa7 36. Nc1 Nxb2 37. Qxb2 Qa1 38. Qe2 Qxc1+ 0-1

[Event "BL 1819 (Women)"]
[Site "Germany"]
[Date "2018.10.28"]
[Round "2.5"]
[White "Gromova, Iulia"]
[Black "Basovskiy, Jana"]
[Result "1-0"]
[WhiteElo "2237"]
[BlackElo "1772"]
[PlyCount "65"]
[EventDate "2018.10.27"]
[EventType "team-tourn"]
[EventRounds "11"]
[EventCountry "GER"]
[SourceTitle "CBM 188 Extra"]
[Source "ChessBase"]
[SourceDate "2019.02.26"]
[SourceVersion "1"]
[SourceVersionDate "2019.02.26"]
[SourceQuality "1"]
[WhiteTeam "Bad Koenigshofen (W)"]
[BlackTeam "Karlsruhe (W)"]
[WhiteTeamCountry "GER"]
[BlackTeamCountry "GER"]

1. d4 Nf6 2. c4 e6 3. Nf3 b6 4. g3 Bb7 5. Bg2 Be7 6. 0-0 0-0 7. Nbd2 c5 8. e3 d6 9. b3 Nbd7 10. Bb2 Rc8 11. Qe2 cxd4 12. exd4 d5 13. Rac1 Re8 14. Rfd1 Bd6 15. Ne5 Qe7 16. Ndf3 Ne4 17. Rc2 Ndf6 18. Ne1 h6 19. f3 Ng5 20. N1d3 Rc7 21. Qe3 Rec8 22. c5 bxc5 23. dxc5 Bxe5 24. Nxe5 Qe8 25. Bf1 a6 26. Bd4 Ngh7 27. c6 Ba8 28. Bxa6 Rb8 29. Bb6 Rxc6 30. Nxc6 Bxc6 31. Rdc1 Bd7 32. Bc7 Rb4 33. Qc5 1-0

[Event "BL 1718 (Women)"]
[Site "Germany"]
[Date "2018.02.17"]
[Round "8.6"]
[White "Gromova, Iulia"]
[Black "Nguyen, Ha Thanh"]
[Result "1-0"]
[WhiteElo "2231"]
[BlackElo "1919"]
[PlyCount "91"]
[EventDate "2017.10.01"]
[EventType "team-tourn"]
[EventRounds "11"]
[EventCountry "GER"]
[SourceTitle "EXT 2019"]
[Source "ChessBase"]
[SourceDate "2018.10.10"]
[SourceVersion "1"]
[SourceVersionDate "2018.10.10"]
[SourceQuality "1"]
[WhiteTeam "Bad Koenigshofen (W)"]
[BlackTeam "Erfurt Medizin (W)"]
[WhiteTeamCountry "GER"]
[BlackTeamCountry "GER"]

1. d4 Nf6 2. c4 g6 3. Nc3 d5 4. Nf3 Bg7 5. Bg5 c6 6. e3 0-0 7. Qb3 Ne4 8. Nxe4 dxe4 9. Nd2 h6 10. Bh4 g5 11. Bg3 c5 12. d5 Qa5 13. f3 exf3 14. gxf3 Qb6 15. 0-0-0 Nd7 16. h4 Qxb3 17. Nxb3 b6 18. hxg5 hxg5 19. Bd3 f6 20. Rdg1 Kf7 21. f4 e5 22. dxe6+ Kxe6 23. f5+ Ke7 24. Be4 Rb8 25. Bxb8 Nxb8 26. Rh7 Rf7 27. Nd2 Na6 28. Nb1 Nc7 29. Nc3 Ne8 30. Rh2 Nd6 31. Bd5 Nxf5 32. Bxf7 Kxf7 33. Nb5 a6 34. e4 axb5 35. exf5 Bxf5 36. cxb5 Bd3 37. a4 Ke6 38. Re1+ Kf7 39. Kd2 Bc4 40. Kc3 Be6 41. Rhe2 f5+ 42. Kc2 Bd5 43. Re7+ Kg6 44. a5 bxa5 45. b6 f4 46. Rd1 1-0

[Event "BL 1213 (Women)"]
[Site "Germany"]
[Date "2013.01.20"]
[Round "7.6"]
[White "Gromova, Iulia"]
[Black "Gabriel, Marina"]
[Result "1-0"]
[WhiteElo "2226"]
[BlackElo "1991"]
[PlyCount "83"]
[EventDate "2012.10.06"]
[EventType "team-tourn"]
[EventRounds "11"]
[EventCountry "GER"]
[SourceTitle "EXT 2014"]
[Source "ChessBase"]
[SourceDate "2013.11.20"]
[SourceVersion "1"]
[SourceVersionDate "2013.11.20"]
[SourceQuality "1"]
[WhiteTeam "Bad Koenigshofen (W)"]
[BlackTeam "Deizisau (W)"]
[WhiteTeamCountry "GER"]
[BlackTeamCountry "GER"]

1. d4 Nf6 2. c4 c5 3. d5 e6 4. Nc3 exd5 5. cxd5 d6 6. Nf3 g6 7. e4 Bg7 8. Be2 0-0 9. 0-0 Bg4 10. Bf4 Bxf3 11. Bxf3 Ne8 12. Qc2 Nd7 13. h3 Ne5 14. Be2 Nc7 15. Bh2 a6 16. a4 b6 17. Rfe1 Re8 18. Rad1 Rb8 19. f4 Nd7 20. Bg4 Bd4+ 21. Kh1 b5 22. Bg1 Bxg1 23. Kxg1 b4 24. Nb1 f6 25. Nd2 Kg7 26. Nc4 h5 27. Bf3 Nb6 28. Na5 Qd7 29. Nc6 Ra8 30. a5 Nc8 31. e5 fxe5 32. fxe5 dxe5 33. Nxe5 Qd6 34. Nc4 Rxe1+ 35. Rxe1 Qf4 36. d6 Nxd6 37. Nxd6 Qxd6 38. Bxa8 Nxa8 39. Qe4 Qd2 40. Rf1 Qd8 41. Qe5+ Kh6 42. Rf7 1-0

[Event "BL 1112 (Women)"]
[Site "Germany"]
[Date "2012.01.21"]
[Round "6.6"]
[White "Brendel, Bergit"]
[Black "Gromova, Iulia"]
[Result "1/2-1/2"]
[WhiteElo "2119"]
[BlackElo "2231"]
[PlyCount "74"]
[EventDate "2011.10.29"]
[EventType "team-tourn"]
[EventRounds "11"]
[EventCountry "GER"]
[SourceTitle "EXT 2013"]
[Source "ChessBase"]
[SourceDate "2012.11.22"]
[SourceVersion "1"]
[SourceVersionDate "2012.11.22"]
[SourceQuality "1"]
[WhiteTeam "Karlsruhe (W)"]
[BlackTeam "Bad Koenigshofen (W)"]
[WhiteTeamCountry "GER"]
[BlackTeamCountry "GER"]

1. e4 c6 2. d4 d5 3. Nc3 dxe4 4. Nxe4 Bf5 5. Ng3 Bg6 6. h4 h6 7. Nf3 e6 8. Ne5 Bh7 9. c3 Nf6 10. Nh5 Nbd7 11. Nxf6+ Nxf6 12. Bd3 Bxd3 13. Qxd3 Bd6 14. Qe2 Nd5 15. Bd2 Qc7 16. c4 Nf6 17. Ng4 0-0-0 18. Nxf6 gxf6 19. 0-0-0 Bf4 20. g3 Bxd2+ 21. Rxd2 f5 22. Rhd1 Rhg8 23. Qe3 Rg6 24. Kb1 Qb6 25. Qe5 Qb4 26. d5 Qc5 27. Qc3 exd5 28. cxd5 Qxc3 29. bxc3 Rgd6 30. c4 cxd5 31. cxd5 Kd7 32. Re1 Rc8 33. Re5 Rf6 34. d6 Rxd6 35. Rxd6+ Kxd6 36. Rxf5 Ke7 37. Kb2 Rc6 1/2-1/2

[Event "BL 1112 (Women)"]
[Site "Germany"]
[Date "2011.10.29"]
[Round "1.6"]
[White "Kubikova, Hana"]
[Black "Gromova, Iulia"]
[Result "1/2-1/2"]
[WhiteElo "2159"]
[BlackElo "2231"]
[PlyCount "81"]
[EventDate "2011.10.29"]
[EventType "team-tourn"]
[EventRounds "11"]
[EventCountry "GER"]
[SourceTitle "EXT 2013"]
[Source "ChessBase"]
[SourceDate "2012.11.22"]
[SourceVersion "1"]
[SourceVersionDate "2012.11.22"]
[SourceQuality "1"]
[WhiteTeam "Rodewisch (W)"]
[BlackTeam "Bad Koenigshofen (W)"]
[WhiteTeamCountry "GER"]
[BlackTeamCountry "GER"]

1. d4 Nf6 2. Nf3 g6 3. c4 Bg7 4. g3 c6 5. Nc3 d5 6. cxd5 cxd5 7. Bg2 0-0 8. 0-0 Nc6 9. Ne5 e6 10. Nxc6 bxc6 11. Na4 Nd7 12. Bf4 Qa5 13. Bd6 Re8 14. Rc1 Nb6 15. b3 Nxa4 16. bxa4 Qd8 17. Bc5 Ba6 18. Re1 Qa5 19. Qc2 Bc4 20. Rb1 e5 21. Bb4 Qa6 22. dxe5 Rxe5 23. Rbc1 Rxe2 24. Rxe2 Bxe2 25. Qxc6 Qxc6 26. Rxc6 Rb8 27. a3 a5 28. Bd2 Bc4 29. h3 Bd4 30. Rd6 Rb1+ 31. Kh2 Bxf2 32. Bxd5 Bxd5 33. Rxd5 Rb3 34. g4 Be3 35. Bxe3 Rxe3 36. Rxa5 Rxa3 37. Ra8+ Kg7 38. a5 Kf6 39. h4 Ke5 40. g5 Kf4 41. Rf8 1/2-1/2

[Event "RUS-chT (Women) 12th"]
[Site "Olginka"]
[Date "2011.04.21"]
[Round "5"]
[White "Gromova, Iulia"]
[Black "Savina, Anastasia"]
[Result "0-1"]
[WhiteElo "2214"]
[BlackElo "2383"]
[PlyCount "56"]
[EventDate "2011.04.16"]
[EventType "team-tourn"]
[EventRounds "7"]
[EventCountry "RUS"]
[SourceTitle "EXT 2020"]
[Source "ChessBase"]
[SourceDate "2019.10.17"]
[SourceVersion "1"]
[SourceVersionDate "2019.10.17"]
[SourceQuality "1"]
[WhiteTeam "St Petersburg Mikhail Chigorin (W)"]
[BlackTeam "ABC (W)"]
[WhiteTeamCountry "RUS"]
[BlackTeamCountry "RUS"]

1. d4 Nf6 2. c4 g6 3. f3 Bg7 4. e4 d6 5. Nc3 0-0 6. Be3 c5 7. Nge2 Nc6 8. d5 Ne5 9. Ng3 h5 10. Be2 h4 11. Nf1 e6 12. Nd2 exd5 13. cxd5 h3 14. g3 a6 15. a4 Bd7 16. 0-0 b5 17. axb5 axb5 18. Rxa8 Qxa8 19. Nxb5 Bxb5 20. Bxb5 Rb8 21. Be2 Rxb2 22. f4 Qa3 23. Bf2 Qb4 24. Be1 Qd4+ 25. Rf2 Nxe4 26. Nxe4 Qxe4 27. fxe5 Rb1 28. Bf3 Rxd1 0-1

[Event "RUS-chT (Women) 12th"]
[Site "Olginka"]
[Date "2011.04.19"]
[Round "4"]
[White "Kovanova, Baira"]
[Black "Gromova, Iulia"]
[Result "1/2-1/2"]
[WhiteElo "2376"]
[BlackElo "2214"]
[PlyCount "63"]
[EventDate "2011.04.16"]
[EventType "team-tourn"]
[EventRounds "7"]
[EventCountry "RUS"]
[SourceTitle "EXT 2020"]
[Source "ChessBase"]
[SourceDate "2019.10.17"]
[SourceVersion "1"]
[SourceVersionDate "2019.10.17"]
[SourceQuality "1"]
[WhiteTeam "Sankt Petersburg Chess Federation (W)"]
[BlackTeam "St Petersburg Mikhail Chigorin (W)"]
[WhiteTeamCountry "RUS"]
[BlackTeamCountry "RUS"]

1. e4 c6 2. Nc3 d5 3. Nf3 Bg4 4. h3 Bxf3 5. Qxf3 e6 6. d3 Nd7 7. Bd2 g6 8. g4 Bg7 9. Bg2 Ne7 10. 0-0 0-0 11. Qg3 b5 12. Rae1 Qb6 13. Kh1 dxe4 14. Nxe4 Nd5 15. c4 bxc4 16. dxc4 N5f6 17. Nxf6+ Bxf6 18. b3 Rad8 19. Be3 Qa6 20. Qc7 Qxa2 21. Bh6 Rfe8 22. Bxc6 Qxb3 23. f3 Qxc4 24. Rc1 Qe2 25. Qxa7 Re7 26. Rcd1 Nf8 27. Qa4 Be5 28. f4 Rxd1 29. Rxd1 Bg7 30. Bxg7 Kxg7 31. Qa1+ Kg8 32. Bg2 1/2-1/2

[Event "BL 1011 (Women)"]
[Site "Germany"]
[Date "2010.11.07"]
[Round "2.5"]
[White "Brendel, Bergit"]
[Black "Gromova, Iulia"]
[Result "0-1"]
[WhiteElo "2065"]
[BlackElo "2241"]
[PlyCount "100"]
[EventDate "2010.11.06"]
[EventType "team-tourn"]
[EventRounds "11"]
[EventCountry "GER"]
[SourceTitle "EXT 2012"]
[Source "ChessBase"]
[SourceDate "2011.11.24"]
[SourceVersion "1"]
[SourceVersionDate "2011.11.24"]
[SourceQuality "1"]
[WhiteTeam "Karlsruhe (W)"]
[BlackTeam "Bad Koenigshofen (W)"]
[WhiteTeamCountry "GER"]
[BlackTeamCountry "GER"]

1. e4 c6 2. Nf3 d5 3. exd5 cxd5 4. Ne5 Nc6 5. d4 Nf6 6. Bb5 Bd7 7. Bxc6 Bxc6 8. 0-0 e6 9. c3 Be7 10. Bg5 h6 11. Bh4 Qb6 12. Qb3 g5 13. Bg3 Ne4 14. Qc2 Rc8 15. Nd2 Bb5 16. Rfc1 Nxd2 17. Qxd2 f6 18. c4 dxc4 19. Ng6 Rg8 20. Nxe7 Kxe7 21. Qc2 Be8 22. d5 e5 23. Re1 Bg6 24. Qc3 Kf7 25. b3 cxb3 26. Qxb3 Qxb3 27. axb3 a6 28. Rac1 Bc2 29. b4 Rgd8 30. f3 Rxd5 31. Re2 Rd1+ 32. Rxd1 Bxd1 33. Rd2 Ba4 34. h4 gxh4 35. Bxh4 Rc4 36. g3 Rd4 37. Rxd4 exd4 38. g4 Bd1 39. Kg2 Ke6 40. Be1 Kd5 41. Bd2 Kc4 42. Kf2 b6 43. Kg3 d3 44. f4 Kb3 45. f5 Kc2 46. Bxh6 d2 47. Kh4 Be2 48. Bxd2 Kxd2 49. g5 fxg5+ 50. Kxg5 Kc3 0-1

[Event "RUS-ch (Women) 60th"]
[Site "St Petersburg"]
[Date "2010.08.27"]
[Round "2"]
[White "Kovalevskaya, Ekaterina"]
[Black "Gromova, Iulia"]
[Result "1/2-1/2"]
[WhiteElo "2447"]
[BlackElo "2241"]
[PlyCount "90"]
[EventDate "2010.08.26"]
[EventType "swiss"]
[EventRounds "9"]
[EventCountry "RUS"]
[SourceTitle "CBM 138 Extra"]
[Source "ChessBase"]
[SourceDate "2010.10.29"]
[SourceVersion "1"]
[SourceVersionDate "2010.10.29"]
[SourceQuality "1"]

1. Nf3 Nf6 2. g3 g6 3. Bg2 Bg7 4. 0-0 0-0 5. d4 d5 6. c4 c6 7. cxd5 cxd5 8. Nc3 Nc6 9. Ne5 Bf5 10. Nxc6 bxc6 11. Bf4 Qc8 12. Rc1 Bh3 13. Be5 Bxg2 14. Kxg2 Qa6 15. Qa4 Qb7 16. Qa3 Bh6 17. Rc2 Nh5 18. g4 Nf4+ 19. Bxf4 Bxf4 20. Na4 Qc8 21. Qf3 Bh6 22. h4 Rb8 23. e3 e5 24. Nc3 Qe6 25. Ne2 Bg7 26. Rfc1 Rb6 27. b3 Re8 28. dxe5 Bxe5 29. g5 Qd7 30. Qh3 Qd6 31. h5 d4 32. exd4 Bxd4 33. Nxd4 Qxd4 34. hxg6 hxg6 35. Kf1 Qe5 36. Rc5 Qe2+ 37. Kg2 Rb4 38. R1c4 Rxc4 39. Rxc4 Re5 40. Qg3 Rf5 41. Rh4 Qb5 42. Rg4 Qd5+ 43. Kh2 Qc5 44. Kg2 Qd5+ 45. Kh2 Qc5 1/2-1/2

[Event "Mediterranean Flower (Women) 10th"]
[Site "Rijeka"]
[Date "2010.07.09"]
[Round "7"]
[White "Cherednichenko, Elena"]
[Black "Gromova, Iulia"]
[Result "1-0"]
[WhiteElo "2137"]
[BlackElo "2241"]
[PlyCount "87"]
[EventDate "2010.07.04"]
[EventType "tourn"]
[EventRounds "9"]
[EventCountry "CRO"]
[EventCategory "6"]
[SourceTitle "CBM 137 Extra"]
[Source "ChessBase"]
[SourceDate "2010.09.01"]
[SourceVersion "1"]
[SourceVersionDate "2010.09.01"]
[SourceQuality "1"]

1. d4 Nf6 2. Nf3 g6 3. Bf4 Bg7 4. e3 0-0 5. Be2 d5 6. Nc3 c5 7. Ne5 cxd4 8. exd4 Nc6 9. 0-0 Bf5 10. Nxc6 bxc6 11. Be5 Qa5 12. Bf3 Rfe8 13. Re1 Bh6 14. g4 Be6 15. a3 Nd7 16. Bg3 Bg7 17. b4 Qb6 18. Ne2 Nf8 19. c3 Bc8 20. Qa4 Ba6 21. Nc1 f6 22. Nb3 e5 23. Na5 Bb5 24. Qb3 exd4 25. a4 Ba6 26. Nxc6 Kh8 27. Bxd5 dxc3 28. Qxc3 Rac8 29. b5 Bb7 30. Qf3 Nd7 31. Ne7 Bxd5 32. Qxd5 Rcd8 33. Nc6 Qb7 34. Qa2 Rc8 35. Rad1 Ne5 36. Bxe5 fxe5 37. Qd5 Qc7 38. Re3 Bh6 39. Rxe5 Bf4 40. Rxe8+ Rxe8 41. h3 Rf8 42. Qd4+ Kg8 43. Re1 Bd6 44. Re6 1-0

[Event "Mediterranean Flower (Women) 10th"]
[Site "Rijeka"]
[Date "2010.07.05"]
[Round "2"]
[White "Gromova, Iulia"]
[Black "Sargac, Rajna"]
[Result "0-1"]
[WhiteElo "2241"]
[BlackElo "2192"]
[PlyCount "66"]
[EventDate "2010.07.04"]
[EventType "tourn"]
[EventRounds "9"]
[EventCountry "CRO"]
[EventCategory "6"]
[SourceTitle "CBM 137 Extra"]
[Source "ChessBase"]
[SourceDate "2010.09.01"]
[SourceVersion "1"]
[SourceVersionDate "2010.09.01"]
[SourceQuality "1"]

1. d4 e6 2. c4 f5 3. g3 Nf6 4. Bg2 c6 5. Nh3 d6 6. 0-0 Be7 7. Nd2 0-0 8. e4 e5 9. d5 Nxe4 10. Nxe4 fxe4 11. Qh5 Nd7 12. Ng5 Nf6 13. Qe2 Bg4 14. Qe1 cxd5 15. cxd5 Qd7 16. Nxe4 Nxd5 17. Qd2 Nb6 18. Nc3 Bf3 19. Bxf3 Rxf3 20. Nd5 Bd8 21. b3 Qf7 22. Ne3 d5 23. Bb2 d4 24. Ng2 Nd5 25. Rae1 Qf5 26. Qd1 Bf6 27. Re2 Nc3 28. Bxc3 Rxc3 29. h4 Rac8 30. Ne1 e4 31. Rd2 d3 32. f3 Rc1 33. fxe4 Rxd1 0-1

[Event "Mediterranean Flower (Women) 10th"]
[Site "Rijeka"]
[Date "2010.07.04"]
[Round "1"]
[White "Doluhanova, Evgeniya"]
[Black "Gromova, Iulia"]
[Result "1/2-1/2"]
[WhiteElo "2312"]
[BlackElo "2241"]
[PlyCount "60"]
[EventDate "2010.07.04"]
[EventType "tourn"]
[EventRounds "9"]
[EventCountry "CRO"]
[EventCategory "6"]
[SourceTitle "CBM 137 Extra"]
[Source "ChessBase"]
[SourceDate "2010.09.01"]
[SourceVersion "1"]
[SourceVersionDate "2010.09.01"]
[SourceQuality "1"]

1. e4 c6 2. d4 d5 3. Nd2 dxe4 4. Nxe4 Bf5 5. Ng3 Bg6 6. Nf3 Nd7 7. Be2 Qc7 8. 0-0 e6 9. c4 Ngf6 10. Re1 Bd6 11. Bd3 Bxd3 12. Qxd3 0-0 13. Bd2 c5 14. Rac1 Rfd8 15. Qe2 Bf4 16. Bxf4 Qxf4 17. Qe3 Qc7 18. Red1 cxd4 19. Rxd4 Nb8 20. Qe5 Qc8 21. Rcd1 Rxd4 22. Qxd4 Nc6 23. Qc3 Qc7 24. h3 h6 25. b4 Rc8 26. a3 Rd8 27. Rxd8+ Qxd8 28. Qd2 Qc7 29. Qe3 a6 30. Ne2 Ne7 1/2-1/2

[Event "RUS-chT (Women) 11th"]
[Site "Dagomys"]
[Date "2010.04.01"]
[Round "1"]
[White "Fominykh, Maria"]
[Black "Gromova, Iulia"]
[Result "1/2-1/2"]
[WhiteElo "2268"]
[BlackElo "2226"]
[PlyCount "51"]
[EventDate "2010.04.01"]
[EventType "team-tourn"]
[EventRounds "7"]
[EventCountry "RUS"]
[SourceTitle "CBM 135 Extra"]
[Source "ChessBase"]
[SourceDate "2010.05.04"]
[SourceVersion "1"]
[SourceVersionDate "2010.05.04"]
[SourceQuality "1"]

1. d4 Nf6 2. c4 g6 3. Nc3 Bg7 4. g3 d5 5. cxd5 Nxd5 6. Bg2 Nxc3 7. bxc3 0-0 8. Ba3 c5 9. Bxc5 Na6 10. Ba3 Qa5 11. Bb2 Rd8 12. Nf3 Nc5 13. 0-0 Na4 14. Qb3 Be6 15. Qc2 Rac8 16. Rac1 Nxb2 17. Qxb2 Qxa2 18. Qxb7 Qa3 19. Ra1 Qxc3 20. Rxa7 Rd7 21. Qa6 Rd6 22. Qa4 Bxd4 23. Rxe7 Bf6 24. Re8+ Rxe8 25. Qxe8+ Kg7 26. e3 1/2-1/2